Entry Toplantı Adı
001 - KONTROL NUMARASI
- Kontrol alanı: 88055
003 - KONTROL NUMARASI KİMLİĞİ
- Kontrol alanı: TR-BiSEU
005 - SON İŞLEM TARİHİ VE ZAMANI
- Kontrol alanı: 20260207003604.0
008 - SABİT UZUNLUKTAKİ VERİ ÖGELERİ - GENEL BİLGİ
- Sabit uzunlukta kontrol alanı: 260207|| aca||aabn | a|a d
040 ## - KATALOGLAMA KAYNAĞI
- Özgün kataloglama kurumu: TR-BiSEU
- Çeviri kurumu: TR-BiSEU
111 ## - KONU BAŞLIKLARI - TOPLANTI ADI
- Toplantı adı: Ulusal Havacılık Teknolojisi ve Uygulamaları Kongresi (2. : 2013 : İzmir)
670 ## - BİLGİNİN KAYNAĞI
- Bilginin alındığı kaynak: KOHA: (TR-BiSEU)47820: Ulusal Havacılık Teknolojisi ve Uygulamaları Kongresi (2. : 2013 : İzmir), Ulusal havacılık teknolojisi ve uygulamaları kongresi UHAT 2013 :
